Can you name all the Countries with a Population Lower than 100,000? - Statistics

General Stats
  • This quiz has been taken 3,194 times
  • The average score is 11 of 13
Answer Stats
Hint Answer % Correct
Population:801 Vatican city
98%
Population:33,931 San Marino
93%
Population:38,128 Liechtenstein
90%
Population:39,242 Monaco
90%
Population:77,265 Andorra
89%
Population:10,997 Nauru
89%
Population:12,169 Tuvalu
88%
Population:18,094 Palau
86%
Population:53,199 Saint Kitts and Nevis
84%
Population:59,190 Marshall islands
81%
Population:97,929 Antigua and Barbuda
74%
Population:71,986 Dominica
68%
Population:98,347 Seychelles
67%
No matching quizzes found
Score Distribution
Percent of People with Each Score
Percentile by Number Answered
Your Score History
You have not taken this quiz